দি ফুড অব দি গডস / (Record no. 50049)
[ view plain ]
| 000 -LEADER | |
|---|---|
| fixed length control field | 01020nam a2200241 a 4500 |
| 001 - CONTROL NUMBER | |
| control field | 50049 |
| 003 - CONTROL NUMBER IDENTIFIER | |
| rucl marc code | BD-RjUL |
| 005 - DATE AND TIME OF LATEST TRANSACTION | |
| control field | 20211209075441.0 |
| 008 - FIXED-LENGTH DATA ELEMENTS--GENERAL INFORMATION | |
| fixed length control field | 160823s1958 ii ||||| |||| 00| f ben d |
| 020 ## - INTERNATIONAL STANDARD BOOK NUMBER | |
| Terms of availability | : Tk. 2.00 |
| 035 ## - SYSTEM CONTROL NUMBER | |
| System control number | (BD-RjUL) 50169 |
| 040 ## - CATALOGING SOURCE | |
| Original cataloging agency | BD-RjUL |
| Language of cataloging | ben |
| Transcribing agency | BD-RjUL |
| 041 ## - LANGUAGE CODE | |
| Language code of text/sound track or separate title | ben |
| 082 ## - DEWEY DECIMAL CLASSIFICATION NUMBER | |
| Edition number | 23 |
| Classification number | 891.73 |
| Author mark and year | WET 1958 |
| 100 1# - MAIN ENTRY--PERSONAL NAME | |
| Personal name | ওয়েলস, এইচ. জি. |
| 9 (RLIN) | 150008 |
| 245 10 - TITLE STATEMENT | |
| Title | দি ফুড অব দি গডস / |
| Statement of responsibility, etc. | এইচ. জি. ওয়েলস ; অনুবাদক, সুনীলকুমার গঙ্গোপাধ্যায় |
| 260 ## - PUBLICATION, DISTRIBUTION, ETC. (IMPRINT) | |
| Place of publication, distribution, etc. | কলকাতা : |
| Name of publisher, distributor, etc. | অভ্যুদয় প্রকাশ মন্দির, |
| Date of publication, distribution, etc. | ১৯৫৮ |
| 300 ## - PHYSICAL DESCRIPTION | |
| Pagination | ১০৬ পৃ. ; |
| Size | ২১ সেমি. |
| 650 ## - SUBJECT ADDED ENTRY--TOPICAL TERM | |
| Topical term or geographic name as entry element | রাশিয়ান উপন্যাস |
| 9 (RLIN) | 150009 |
| Topical term or geographic name as entry element | Russian Fiction |
| 9 (RLIN) | 122083 |
| 700 ## - ADDED ENTRY--PERSONAL NAME | |
| Personal name | গঙ্গোপাধ্যায়, সুনীলকুমার, অনুবাদক |
| 942 ## - ADDED ENTRY ELEMENTS (KOHA) | |
| Source of classification or shelving scheme | Dewey Decimal Classification |
| Koha item type | Books |
| Lost status | Source of classification or shelving scheme | Damaged status | Not for loan | Collection code | Permanent Location | Current Location | Shelving location | Date acquired | Source of acquisition | Cost, normal purchase price | Total Checkouts | Full call number | Date last seen | Date checked out | Copy number | Koha item type |
|---|---|---|---|---|---|---|---|---|---|---|---|---|---|---|---|---|
| Dewey Decimal Classification | Fiction | Central Library, University of Rajshahi | Central Library, University of Rajshahi | 09/10/1959 | Warris Book | 5.00 | 1 | B 891.73 WET 1958 | 09/03/2020 | 05/03/2020 | C-2 | Books |